Home nursing with confidence (Record no. 90729)
[ view plain ]
| 000 -LEADER | |
|---|---|
| fixed length control field | 00673cam a22002411 4500 |
| 001 - CONTROL NUMBER | |
| control field | sg 46000090 |
| 003 - CONTROL NUMBER IDENTIFIER | |
| control field | DLC |
| 005 - DATE AND TIME OF LATEST TRANSACTION | |
| control field | 20260227112748.0 |
| 008 - FIXED-LENGTH DATA ELEMENTS--GENERAL INFORMATION | |
| fixed length control field | 820128s1946 xx a 000 0 eng |
| 010 ## - LIBRARY OF CONGRESS CONTROL NUMBER | |
| LC control number | sg 46000090 |
| 035 ## - SYSTEM CONTROL NUMBER | |
| System control number | (OCoLC)14725139 |
| 040 ## - CATALOGING SOURCE | |
| Original cataloging agency | DLC |
| Transcribing agency | DNLM |
| Modifying agency | FM |
| -- | DLC |
| 042 ## - AUTHENTICATION CODE | |
| Authentication code | premarc |
| 050 00 - LIBRARY OF CONGRESS CALL NUMBER | |
| Classification number | RT61 |
| Item number | .B7 |
| 060 0# - NATIONAL LIBRARY OF MEDICINE CALL NUMBER | |
| Classification number | WY 195 |
| Item number | B854h 1946 |
| 082 ## - DEWEY DECIMAL CLASSIFICATION NUMBER | |
| Classification number | RT61.B7 |
| 100 1# - MAIN ENTRY--PERSONAL NAME | |
| Personal name | Briggs, Susan Lennox. |
| 245 10 - TITLE STATEMENT | |
| Title | Home nursing with confidence |
| Statement of responsibility, etc. | [by] Susan Lennox Briggs, R. N. |
| 260 ## - PUBLICATION, DISTRIBUTION, ETC. | |
| Place of publication, distribution, etc. | New York, |
| Name of publisher, distributor, etc. | C. R. Heck, inc. |
| Date of publication, distribution, etc. | [c1946] |
| 300 ## - PHYSICAL DESCRIPTION | |
| Extent | 6 p. l., 130 p. |
| Other physical details | ill. |
| 490 0# - SERIES STATEMENT | |
| Series statement | [The Garland homemaking books] |
| 650 #0 - SUBJECT ADDED ENTRY--TOPICAL TERM | |
| Topical term or geographic name entry element | Nurses and nursing. |
No items available.